| 000 | 00435nam a22001577a 4500 | ||
|---|---|---|---|
| 005 | 20241113085349.0 | ||
| 008 | 241113b |||||||| |||| 00| 0 eng d | ||
| 020 | _a9789988099107 | ||
| 050 |
_aQD257 _bDOK |
||
| 100 | _aDOKU, GEORGE NARH | ||
| 245 |
_aCHEMISTRY WORLD; _bBASIC ORGANIC CHEMISTRY vol 4 |
||
| 260 |
_aTEMA _bULTRASCIENCE BOOKS AND PUBLICATIONS _cc2007 |
||
| 300 | _a311p | ||
| 500 | _aincludes index | ||
| 942 |
_2lcc _cBK _n0 |
||
| 999 |
_c1101 _d1101 |
||